| 000 | 00740nam a2200229Ia 4500 | ||
|---|---|---|---|
| 005 | 20260430150236.0 | ||
| 008 | 008 250103s9999 xx 000 0 eng d | ||
| 037 | _aTheses | ||
| 040 | _aCRL | ||
| 040 | _beng | ||
| 040 | _ceng | ||
| 041 | _2eng | ||
| 041 | _aeng | ||
| 084 | _qCRL | ||
| 100 |
_aVashistha Garuav Au.; Kothamasi David Gu. _91236908 |
||
| 245 | 0 | _aHabital Degradation, Habitat restoration measures and conservation an insular Polulation of Piscivorous Crocodile Gharial (Gavialis Gangeticus) at katerniaghat Wildlife Sanctuary | |
| 260 | _c2021 | ||
| 300 | _a186p. | ||
| 700 |
_aUniversity of Delhi. Faculty of Science. Department of Environmental Studies _9540397 |
||
| 942 | _cTH | ||
| 999 |
_c1849305 _d1849305 |
||